Holiday Quiz

Random Holiday or Europe Quiz

Get the Picture: Independence Days Quiz Stats

 Plays Quiz not verified by Sporcle

Score 0/20 Timer 03:00
2 Plays Today
Question Answer Wrong Answers
Independence Day - USA (July 4th) United Kingdom
86.3%
France
2.7%
Spain
1.5%
Portugal
1.1%
Grito de Dolores - Mexico (September 15th) Spain
75.1%
United Kingdom
5.1%
France
6.2%
Portugal
4.6%
Fiji Day (October 10th) United Kingdom
72.1%
France
10.3%
Spain
5%
Portugal
4.6%
Costa Rican Independence Day (September 15th) Spain
70.2%
United Kingdom
9.3%
France
5%
Portugal
6.5%
Independence Day of Brazil (September 7th) Portugal
70.2%
United Kingdom
4.6%
France
4.2%
Spain
12.1%
Argentine Independence Day (May 25th) Spain
69.4%
United Kingdom
10.3%
France
4.3%
Portugal
7.2%
Algerian Independence Day (July 5th) France
69.1%
United Kingdom
11.4%
Spain
5.3%
Portugal
4.9%
Afghan Independence Day (August 19th) United Kingdom
68.3%
France
11.4%
Spain
5.4%
Portugal
6.8%
Haitian Independence Day (January 1st) France
62.7%
United Kingdom
12.2%
Spain
10.6%
Portugal
5.8%
Cypriot Independence Day (October 1st) United Kingdom
60.7%
France
12.6%
Spain
8.4%
Portugal
8.4%
Chad Independence Day (August 11th) France
56.2%
United Kingdom
19.5%
Spain
5.3%
Portugal
9.9%
Cambodian Independence Day (November 9th) France
56.1%
United Kingdom
17.5%
Spain
7.7%
Portugal
8.8%
São Toméan Independence Day (July 12th) Portugal
52.8%
United Kingdom
12.1%
France
12.2%
Spain
14.5%
Belizean Independence Day (September 21st) United Kingdom
50.7%
France
10.3%
Spain
23.2%
Portugal
7.2%
Araw ng Kasarinlan - Philippines (June 12th) Spain
48.2%
United Kingdom
20.2%
France
12.9%
Portugal
10.4%
Angolan Independence Day (November 11th) Portugal
43.8%
United Kingdom
17.8%
France
24%
Spain
6.5%
Mozambique Independance Day (June 25 th) Portugal
39.8%
United Kingdom
12.7%
France
35.1%
Spain
3.7%
Evacuation Day - Syria (April 17th) France
35.6%
United Kingdom
42.1%
Spain
6%
Portugal
8.4%
Bissau-Guinean Independence Day (September 24th) Portugal
31.7%
United Kingdom
15.7%
France
35.6%
Spain
8.5%
Equatorial Guinean Independence Day (October 12th) Spain
24.5%
United Kingdom
19.4%
France
26.6%
Portugal
22.4%

You're not logged in!

Compare scores with friends on all Sporcle quizzes.
OR
Log In

Show Comments

Extras

Top Quizzes Today


Score Distribution

Your Account Isn't Verified!

In order to create a playlist on Sporcle, you need to verify the email address you used during registration. Go to your Sporcle Settings to finish the process.

Report this User

Report this user for behavior that violates our Community Guidelines.

Details: